[Event "Women's Speed Chess Q4"]
[Site "chess.com INT"]
[Date "2020.06.21"]
[Round "1"]
[White "Koridze, Lile"]
[Black "Stefanova, Antoaneta"]
[Result "0-1"]
[WhiteTitle "WFM"]
[BlackTitle "GM"]
[WhiteElo "1996"]
[BlackElo "2462"]
[WhiteFideId "13612514"]
[BlackFideId "2902257"]
[EventDate "2020.06.21"]

1. d4 d5 2. c4 c6 3. cxd5 cxd5 4. Bf4 Nf6 5. Nc3 a6 6. e3 Nc6 7. a3 Bf5 8. Nf3
e6 9. Bd3 Bxd3 10. Qxd3 Be7 11. O-O O-O 12. Rac1 Rc8 13. h3 Na5 14. Ne5 Nd7 15.
Na4 Nxe5 16. Bxe5 Nc4 17. Qb3 b5 18. Nc3 Nd2 19. Qd1 Nxf1 20. Qxf1 Rc4 21. b3
Rc6 22. a4 Qc8 23. Ne2 Rxc1 24. Nxc1 Qc2 0-1

[Event "Women's Speed Chess Q4"]
[Site "chess.com INT"]
[Date "2020.06.21"]
[Round "1"]
[White "Zakirova, Aisha"]
[Black "Gaponenko, Inna"]
[Result "0-1"]
[WhiteTitle "WCM"]
[BlackTitle "IM"]
[WhiteElo "1585"]
[BlackElo "2396"]
[WhiteFideId "13719734"]
[BlackFideId "14101181"]
[EventDate "2020.06.21"]

1. d4 g6 2. c3 Bg7 3. c4 d6 4. Nc3 Nd7 5. e4 e5 6. d5 Ne7 7. Be2 O-O 8. Bg5 f6
9. Bh4 a6 10. Qd2 Qe8 11. f3 f5 12. O-O-O Nf6 13. g4 fxg4 14. fxg4 Nxg4 15. Bxg4
Bxg4 16. Nge2 Nc8 17. Kb1 b5 18. Rhg1 Bd7 19. Bg5 b4 20. Bh6 bxc3 21. Nxc3 Nb6
22. Bxg7 Kxg7 23. c5 dxc5 24. h4 Nc4 25. Qg5 Qd8 26. Qg3 Qf6 27. Qd3 Bb5 28.
Nxb5 axb5 29. h5 Qf2 30. Qc3 Qe3 31. Qxe3 Nxe3 32. Rg5 Nxd1 0-1

[Event "Women's Speed Chess Q4"]
[Site "chess.com INT"]
[Date "2020.06.21"]
[Round "1"]
[White "Bodnaruk, Anastasia"]
[Black "Protopopova, Anastasiya"]
[Result "1-0"]
[WhiteTitle "IM"]
[BlackTitle "WFM"]
[WhiteElo "2411"]
[BlackElo "2192"]
[WhiteFideId "4181751"]
[BlackFideId "24172073"]
[EventDate "2020.06.21"]

1. e4 c6 2. Nf3 d5 3. exd5 cxd5 4. Ne5 Nc6 5. d4 Nf6 6. c3 g6 7. Bd3 Bg7 8. f4
O-O 9. Nd2 Ne8 10. O-O Nd6 11. Nxc6 bxc6 12. Nb3 f6 13. Nc5 e5 14. fxe5 fxe5 15.
Rxf8+ Qxf8 16. dxe5 Bxe5 17. Qe2 Nc4 18. Nb3 Qd6 19. h3 d4 20. Bxc4+ Kg7 21.
cxd4 Bxd4+ 22. Be3 1-0

[Event "Women's Speed Chess Q4"]
[Site "chess.com INT"]
[Date "2020.06.21"]
[Round "1"]
[White "Cyfka, Karina"]
[Black "Mohota, Nisha"]
[Result "1-0"]
[WhiteTitle "IM"]
[BlackTitle "IM"]
[WhiteElo "2411"]
[BlackElo "2195"]
[WhiteFideId "1122681"]
[BlackFideId "5004330"]
[EventDate "2020.06.21"]

1. d4 Nf6 2. c4 e6 3. Nf3 d5 4. e3 b6 5. Nbd2 Bb7 6. Bd3 Bd6 7. O-O Nbd7 8. b3
Ne4 9. Bb2 Nxd2 10. Nxd2 dxc4 11. Nxc4 Bxh2+ 12. Kxh2 Qh4+ 13. Kg1 Bxg2 14. Kxg2
Qg5+ 15. Kf3 Qh5+ 16. Kg3 Qg5+ 17. Qg4 Qf6 18. d5 e5 19. f4 h5 20. Qg5 h4+ 21.
Kh2 1-0

[Event "Women's Speed Chess Q4"]
[Site "chess.com INT"]
[Date "2020.06.21"]
[Round "1"]
[White "Tomilova, Elena"]
[Black "Vifleemskaia, Svetlana"]
[Result "1-0"]
[WhiteTitle "WGM"]
[BlackTitle "WFM"]
[WhiteElo "2353"]
[BlackElo "1943"]
[WhiteFideId "4162340"]
[BlackFideId "4129490"]
[EventDate "2020.06.21"]

1. d4 Nf6 2. Bg5 Ne4 3. Bf4 d5 4. e3 c5 5. Bd3 Nf6 6. Nf3 Nc6 7. c3 Qb6 8. Qc1
e6 9. Nbd2 Qd8 10. O-O Bd6 11. Bg3 Bxg3 12. hxg3 cxd4 13. exd4 O-O 14. Re1 Bd7
15. Nf1 Na5 16. N1h2 a6 17. Ne5 Bb5 18. Bc2 h6 19. Qf4 Nc4 20. Rab1 Nxe5 21.
dxe5 Nd7 22. Nf3 a5 23. g4 g5 24. Qh2 Kg7 25. Nd4 Ba6 26. Re3 Rh8 27. Rbe1 Rc8
28. Qh5 b5 29. Nxe6+ 1-0

[Event "Women's Speed Chess Q4"]
[Site "chess.com INT"]
[Date "2020.06.21"]
[Round "1"]
[White "Gevorgyan, Maria"]
[Black "Zvereva, Margarita"]
[Result "1-0"]
[WhiteTitle "WGM"]
[BlackTitle "WFM"]
[WhiteElo "2228"]
[BlackElo "1929"]
[WhiteFideId "13300270"]
[BlackFideId "34177741"]
[EventDate "2020.06.21"]

1. e4 c5 2. Nc3 d6 3. d4 cxd4 4. Qxd4 Nf6 5. b3 Nc6 6. Qd2 g6 7. Bb2 Bg7 8.
O-O-O O-O 9. Kb1 a6 10. f3 b5 11. g4 Bb7 12. h4 h5 13. gxh5 Nxh5 14. Nge2 Kh7
15. Bh3 Bc8 16. Bg4 Ne5 17. Bxh5 gxh5 18. f4 Ng4 19. Qd5 Be6 20. Qxh5+ Nh6 21.
Rhg1 Rg8 22. f5 Bd7 23. Bc1 Be8 24. f6 exf6 25. Bxh6 Bxh6 26. Rxg8 Kxg8 27. Qxh6 1-0

[Event "Women's Speed Chess Q4"]
[Site "chess.com INT"]
[Date "2020.06.21"]
[Round "1"]
[White "Matveeva, Olga"]
[Black "Cori T., Deysi"]
[Result "0-1"]
[WhiteTitle "WIM"]
[BlackTitle "WGM"]
[WhiteElo "2171"]
[BlackElo "2388"]
[WhiteFideId "24107018"]
[BlackFideId "3801934"]
[EventDate "2020.06.21"]

1. d4 Nf6 2. c4 e6 3. g3 Bb4+ 4. Bd2 Qe7 5. Bg2 O-O 6. e4 Bxd2+ 7. Qxd2 e5 8. d5
b5 9. cxb5 a6 10. bxa6 Nxa6 11. Ne2 Nc5 12. Nbc3 Nb3 13. Qd1 Nxa1 14. Qxa1 Ba6
15. O-O Qb4 16. Re1 Rfb8 17. b3 Bxe2 18. Rxe2 Qxb3 19. h4 Ra3 20. Re3 Ng4 21.
Rf3 Qb2 22. Qe1 h5 23. Bh3 Qc2 24. Bxg4 hxg4 25. Re3 Rb4 26. Kg2 Rc4 27. Nb5
Rxe3 28. Qxe3 Qxe4+ 29. Qxe4 Rxe4 30. Nxc7 Ra4 0-1

[Event "Women's Speed Chess Q4"]
[Site "chess.com INT"]
[Date "2020.06.21"]
[Round "1"]
[White "Mammadova, Gulnar"]
[Black "Ouellet, Maili-Jade"]
[Result "1-0"]
[WhiteTitle "IM"]
[BlackTitle "WGM"]
[WhiteElo "2382"]
[BlackElo "2257"]
[WhiteFideId "13403508"]
[BlackFideId "2620472"]
[EventDate "2020.06.21"]

1. e4 c5 2. Nf3 d6 3. Bb5+ Nd7 4. a4 Nf6 5. Nc3 g6 6. O-O Bg7 7. Re1 O-O 8. b3
Rb8 9. a5 Qc7 10. Bb2 b6 11. a6 Rd8 12. Bc4 Nf8 13. e5 dxe5 14. Nb5 Qd7 15. Nxe5
Qxd2 16. Nxf7 Qxd1 17. Nxd8+ Qd5 18. Bxd5+ Nxd5 19. Bxg7 Kxg7 20. Nc6 Ra8 21. c4
Nb4 22. Nxb4 cxb4 23. Rxe7+ Kf6 24. Rxa7 1-0

[Event "Women's Speed Chess Q4"]
[Site "chess.com INT"]
[Date "2020.06.21"]
[Round "1"]
[White "Narva, Regina"]
[Black "Golubeva, Oksana"]
[Result "1-0"]
[WhiteTitle "WFM"]
[BlackTitle "WFM"]
[WhiteElo "1905"]
[BlackElo "2179"]
[WhiteFideId "4500237"]
[BlackFideId "4170164"]
[EventDate "2020.06.21"]

1. e4 e6 2. Nc3 d5 3. exd5 exd5 4. d4 Nc6 5. Nf3 Bg4 6. Bb5 Ne7 7. O-O f6 8. Re1
Qd7 9. Bf4 O-O-O 10. Ba4 g5 11. Bg3 Nf5 12. h3 Bh5 13. Bh2 g4 14. hxg4 Bxg4 15.
Nb5 a6 16. Nxc7 Nfxd4 17. Qxd4 Bxf3 18. Bxc6 Qg7 19. Bxb7+ Kxb7 20. Bg3 Bg4 21.
Nxd5 Qd7 22. Qb6+ 1-0

[Event "Women's Speed Chess Q4"]
[Site "chess.com INT"]
[Date "2020.06.21"]
[Round "1"]
[White "Skuhala, Barbara"]
[Black "Padmini, Rout"]
[Result "0-1"]
[WhiteTitle "WFM"]
[BlackTitle "IM"]
[WhiteElo "2095"]
[BlackElo "2370"]
[WhiteFideId "14605465"]
[BlackFideId "5029295"]
[EventDate "2020.06.21"]

1. e4 e5 2. Nf3 Nc6 3. d4 exd4 4. Nxd4 Qf6 5. Nxc6 Bc5 6. Qf3 dxc6 7. Nc3 Be6 8.
Bd2 O-O-O 9. Be2 Qxf3 10. Bxf3 Bxf2+ 11. Ke2 Bc4+ 12. Kd1 Be3 13. Nb1 Ne7 14. b3
Be6 15. Ke2 Bxd2 16. Nxd2 Ng6 17. g3 Ne5 18. Rad1 h5 19. h4 c5 20. Ke3 g6 21.
Be2 Rd6 22. Nb1 Rhd8 23. Rxd6 Rxd6 24. Rd1 Rxd1 25. Bxd1 Kd7 26. c4 Kd6 27. Nc3
c6 28. Be2 f6 29. Kf4 Nf7 30. Ke3 Ke5 31. Bd1 Nd6 32. Bf3 b5 33. cxb5 cxb5 34.
Nd1 c4 35. Nb2 a5 36. a4 f5 37. exf5 Nxf5+ 38. Kd2 Kd4 39. bxc4 bxc4 40. Nd1
Nxg3 41. Nc3 Bd7 42. Bd1 Be8 43. Bf3 Nf5 44. Ne2+ Kc5 45. Kc3 Nxh4 46. Bh1 Nf5
47. Nf4 Bf7 48. Bf3 Ne7 0-1

[Event "Women's Speed Chess Q4"]
[Site "chess.com INT"]
[Date "2020.06.21"]
[Round "1"]
[White "Turova, Irina"]
[Black "Corrales Jimenez, Zenia"]
[Result "1-0"]
[WhiteTitle "IM"]
[BlackTitle "WIM"]
[WhiteElo "2381"]
[BlackElo "2234"]
[WhiteFideId "4120876"]
[BlackFideId "3506355"]
[EventDate "2020.06.21"]

1. d4 Nf6 2. c4 g6 3. Nc3 d5 4. Bg5 Bg7 5. Bxf6 Bxf6 6. cxd5 c6 7. Rc1 O-O 8.
dxc6 Nxc6 9. e3 Qa5 10. Bc4 Rd8 11. Ne2 Qh5 12. O-O Ne5 13. Bb3 Ng4 14. h3 Be5
15. Nd5 Nh2 16. Nef4 Qxd1 17. Rfxd1 Bxf4 18. Nxf4 Nf3+ 19. gxf3 g5 20. Nd5 Bxh3
21. Nxe7+ Kg7 22. Rc7 Rab8 23. d5 Kf6 24. d6 Bd7 25. Nd5+ Ke6 26. Nb6+ 1-0

[Event "Women's Speed Chess Q4"]
[Site "chess.com INT"]
[Date "2020.06.21"]
[Round "1"]
[White "Bivol, Alina"]
[Black "Tsukerman, Julia"]
[Result "1-0"]
[WhiteTitle "WGM"]
[BlackTitle "WCM"]
[WhiteElo "2386"]
[BlackElo "1523"]
[WhiteFideId "4100123"]
[BlackFideId "2621649"]
[EventDate "2020.06.21"]

1. Nf3 d5 2. g3 e6 3. Bg2 Nf6 4. c4 Be7 5. O-O O-O 6. d4 dxc4 7. Qc2 a6 8. a4
Nbd7 9. Rd1 Rb8 10. a5 b5 11. axb6 Nxb6 12. Ne5 Bb7 13. Bxb7 Rxb7 14. Rxa6 Qd5
15. Nc3 Qd6 16. Nxc4 Qb4 17. Na5 Rfb8 18. Nxb7 Rxb7 19. e4 c5 20. d5 exd5 21.
exd5 Qc4 22. Qd3 Qg4 23. d6 Bd8 24. Re1 Qd7 25. Bf4 Nc8 26. Nd5 Rxb2 27. Ra8
Nxd5 28. Qxd5 Nb6 29. Qc6 1-0

[Event "Women's Speed Chess Q4"]
[Site "chess.com INT"]
[Date "2020.06.21"]
[Round "1"]
[White "Hryzlova, Sofiia"]
[Black "Milliet, Sophie"]
[Result "0-1"]
[BlackTitle "IM"]
[WhiteElo "1940"]
[BlackElo "2401"]
[WhiteFideId "14174669"]
[BlackFideId "623725"]
[EventDate "2020.06.21"]

1. c4 e5 2. g3 c6 3. Bg2 d5 4. cxd5 cxd5 5. e3 Nf6 6. d3 Nc6 7. Nf3 Bd6 8. b3
Bg4 9. h3 Bh5 10. g4 Bg6 11. Nh4 O-O 12. Nxg6 hxg6 13. O-O Bc7 14. Nc3 d4 15.
Ne2 Qd6 16. e4 Rac8 17. a3 a5 18. f4 exf4 19. Bxf4 Ne5 20. Qd2 Nfd7 21. Rab1
Qxa3 22. Nxd4 Bb6 23. Be3 Qb4 24. Qxb4 axb4 25. Rfd1 Rc3 26. Bf1 Bxd4 27. Bxd4
Nf3+ 0-1

[Event "Women's Speed Chess Q4"]
[Site "chess.com INT"]
[Date "2020.06.21"]
[Round "1"]
[White "Munkhzul, Davaakhuu"]
[Black "Kiran, Manisha Mohanty"]
[Result "1-0"]
[WhiteTitle "WFM"]
[BlackTitle "WGM"]
[WhiteElo "1991"]
[BlackElo "2168"]
[WhiteFideId "4902815"]
[BlackFideId "5019575"]
[EventDate "2020.06.21"]

1. e4 c5 2. Nf3 d6 3. d4 cxd4 4. Nxd4 Nf6 5. Nc3 Nc6 6. Bg5 e6 7. Qd2 Be7 8.
O-O-O Nxd4 9. Qxd4 O-O 10. Kb1 a6 11. f4 h6 12. Bxf6 Bxf6 13. Qxd6 Qa5 14. e5
Rd8 15. Qa3 Rxd1+ 16. Nxd1 Qxa3 17. bxa3 Be7 18. Kb2 b5 19. Be2 Bd7 20. Nc3 Bc5
21. Rd1 Bc6 22. g3 Rb8 23. Rd3 Kf8 24. Bf3 Be8 25. Ne4 Be7 26. Nd6 b4 27. axb4
Rxb4+ 28. Kc3 Ra4 29. Nxe8 Ra3+ 30. Kd2 Kxe8 31. Bc6+ Kf8 32. Rxa3 Bxa3 33. Kd3
Ke7 34. Bb7 a5 35. Kc4 Kd7 36. Kb5 Kc7 37. Bc6 Bb4 38. Be8 f6 39. Bf7 fxe5 40.
fxe5 Kd7 41. c4 Bc3 42. c5 Bxe5 43. Kxa5 Bc3+ 44. Kb6 Bd4 45. a4 Ke7 46. Bh5 e5
47. a5 e4 48. a6 e3 49. a7 1-0

[Event "Women's Speed Chess Q4"]
[Site "chess.com INT"]
[Date "2020.06.21"]
[Round "1"]
[White "Mamedjarova, Zeinab"]
[Black "Bulmaga, Irina"]
[Result "0-1"]
[WhiteTitle "WGM"]
[BlackTitle "IM"]
[WhiteElo "2274"]
[BlackElo "2440"]
[WhiteFideId "13401521"]
[BlackFideId "13903063"]
[EventDate "2020.06.21"]

1. d4 Nf6 2. Nf3 e6 3. c4 b6 4. e3 Bb7 5. Bd3 d5 6. O-O dxc4 7. Bxc4 Nbd7 8.
Nbd2 a6 9. a4 c5 10. b3 cxd4 11. Nxd4 Bd6 12. Bb2 Qc7 13. h3 Rc8 14. Rc1 Qb8 15.
Qe2 Nc5 16. Bxa6 Bxa6 17. Nc4 Bxc4 18. Rxc4 O-O 19. Nb5 Be7 20. Qc2 Na6 21. Rc1
Rxc4 22. Qxc4 Nb4 23. Nd4 Qb7 24. f3 h6 25. Kh1 Nbd5 26. Nc6 Nxe3 27. Qd4 Nf5
28. Qc4 Bc5 29. Ne5 Be3 30. Rc2 Qd5 31. g4 Nh4 32. Qxd5 Nxd5 33. Ba3 Re8 34. b4
Ra8 35. a5 bxa5 36. bxa5 Rxa5 0-1

[Event "Women's Speed Chess Q4"]
[Site "chess.com INT"]
[Date "2020.06.21"]
[Round "1"]
[White "Bogumil, Tatiana"]
[Black "Eswaran, Ashritha"]
[Result "0-1"]
[WhiteTitle "WGM"]
[BlackTitle "WIM"]
[WhiteElo "2182"]
[BlackElo "2244"]
[WhiteFideId "4110579"]
[BlackFideId "2080788"]
[EventDate "2020.06.21"]

1. Nf3 c5 2. c4 Nc6 3. d4 d6 4. Nc3 g6 5. g3 Bg7 6. d5 Na5 7. Nd2 Nf6 8. Bg2 O-O
9. O-O e5 10. dxe6 Bxe6 11. Nd5 Bxd5 12. cxd5 b5 13. e4 Nb7 14. Re1 Rc8 15. Rb1
c4 16. Qc2 Nc5 17. Bf1 Nfd7 18. f4 Qb6 19. Kg2 f5 20. exf5 Rxf5 21. Nf3 Rxd5 22.
Be3 Rf5 23. Nd4 Qb7+ 24. Kg1 Rff8 25. Rbd1 Nf6 26. Bg2 Qd7 27. Nf3 Ng4 28. Bd4
Rce8 29. Bxg7 Kxg7 30. h3 Nf6 31. Nd4 Rxe1+ 32. Rxe1 Re8 33. Rxe8 Qxe8 34. Kh2
Qe3 35. Nf3 d5 36. a3 d4 0-1

[Event "Women's Speed Chess Q4"]
[Site "chess.com INT"]
[Date "2020.06.21"]
[Round "1"]
[White "Alexanian, Nelli"]
[Black "Mrudul, Dehankar"]
[Result "1-0"]
[WhiteTitle "WIM"]
[BlackTitle "WIM"]
[WhiteElo "1986"]
[BlackElo "2256"]
[WhiteFideId "4170539"]
[BlackFideId "25096990"]
[EventDate "2020.06.21"]

1. d4 Nf6 2. c4 e6 3. Nc3 Bb4 4. e3 b6 5. Ne2 c5 6. a3 Ba5 7. Rb1 Na6 8. d5 Bb7
9. d6 Ne4 10. f3 Bxc3+ 11. bxc3 Nf6 12. e4 O-O 13. Bg5 h6 14. Bh4 Nb8 15. e5 g5
16. Bf2 Nh7 17. h4 Nc6 18. hxg5 Qxg5 19. f4 Qg7 20. Ng3 f6 21. Nh5 Qg6 22. Bd3
f5 23. Rh3 Kh8 24. Rg3 Qf7 25. Rg7 Qe8 26. Bh4 Rg8 27. Rxh7+ Kxh7 28. Nf6+ Kh8
29. Nxe8 Raxe8 30. Qh5 1-0

[Event "Women's Speed Chess Q4"]
[Site "chess.com INT"]
[Date "2020.06.21"]
[Round "1"]
[White "Assaubayeva, Bibisara"]
[Black "Bartel, Marta"]
[Result "0-1"]
[WhiteTitle "FM"]
[BlackTitle "WGM"]
[WhiteElo "2364"]
[BlackElo "2192"]
[WhiteFideId "13708694"]
[BlackFideId "1123009"]
[EventDate "2020.06.21"]

1. e4 c5 2. Nf3 Nc6 3. d4 cxd4 4. Nxd4 Qc7 5. Nc3 e6 6. Be3 a6 7. a3 Nf6 8. Be2
b5 9. Nxc6 dxc6 10. O-O Be7 11. f4 Bb7 12. Bf3 Rd8 13. Qe2 c5 14. e5 Nd5 15.
Nxd5 Bxd5 16. Bxd5 Rxd5 17. c4 bxc4 18. Qxc4 O-O 19. Qxa6 c4 20. Rac1 Bc5 21.
Bxc5 Qxc5+ 22. Kh1 Rd2 23. Qxc4 Qxc4 24. Rxc4 Rxb2 25. h3 g6 26. Rfc1 Ra2 27. a4
Kg7 28. R1c2 Ra1+ 29. Rc1 Ra2 30. Rd1 Ra8 31. Rdd4 Rb8 32. Rd7 Rb1+ 33. Kh2 Rbb2
34. Rcc7 Rxg2+ 35. Kh1 Rh2+ 36. Kg1 Rhg2+ 37. Kf1 Rgf2+ 38. Ke1 Rxf4 39. Ra7
Raxa4 40. Rxf7+ Rxf7 41. Rxa4 Rf5 42. Re4 g5 43. Ke2 Kg6 44. Ke3 h5 45. Ke2 Rf4
46. Re3 Kf5 47. Ra3 Kxe5 48. Ra5+ Kf6 49. Ke3 Rh4 50. Kf3 Rxh3+ 51. Kg2 Rb3 52.
Rc5 e5 0-1

[Event "Women's Speed Chess Q4"]
[Site "chess.com INT"]
[Date "2020.06.21"]
[Round "1"]
[White "Swati, Mohota"]
[Black "Kiolbasa, Oliwia"]
[Result "1-0"]
[WhiteTitle "WFM"]
[BlackTitle "WIM"]
[WhiteElo "2027"]
[BlackElo "2160"]
[WhiteFideId "5006511"]
[BlackFideId "1154613"]
[EventDate "2020.06.21"]

1. d4 d5 2. c4 dxc4 3. Nf3 Nf6 4. e3 Bg4 5. Bxc4 e6 6. O-O a6 7. Nc3 Nc6 8. Be2
Bd6 9. a3 O-O 10. e4 Bxf3 11. Bxf3 e5 12. dxe5 Bxe5 13. Bg5 h6 14. Bh4 Nd4 15.
Be2 Nxe2+ 16. Qxe2 Qd6 17. Bg3 Bxg3 18. hxg3 Rfe8 19. Rad1 Qe6 20. f3 Rad8 21.
Rxd8 Rxd8 22. Rd1 Rxd1+ 23. Nxd1 c5 24. Ne3 b5 25. Qd2 c4 26. Nf5 Qd7 27. Qxd7
Nxd7 28. Kf2 Nc5 29. Ne7+ Kf8 30. Nd5 Nd3+ 31. Ke3 Nxb2 32. Nc7 Ke7 33. Nxa6 Kd6
34. Kd4 Nd3 35. f4 Ne1 36. e5+ Ke6 37. Nc7+ Kf5 38. Nxb5 Nc2+ 39. Kxc4 Nxa3+ 40.
Nxa3 Kg4 41. Nb5 Kxg3 42. Nd6 Kxf4 43. Kd5 h5 44. Nxf7 h4 45. e6 Kg3 46. Ng5
Kxg2 47. e7 h3 48. Nxh3 Kxh3 49. e8=Q 1-0

[Event "Women's Speed Chess Q4"]
[Site "chess.com INT"]
[Date "2020.06.21"]
[Round "1"]
[White "Karnaukhova, Elmira"]
[Black "Smietanska, Wiktoria"]
[Result "1-0"]
[WhiteTitle "WGM"]
[BlackTitle "CM"]
[WhiteElo "2319"]
[BlackElo "1593"]
[WhiteFideId "4148827"]
[BlackFideId "21869359"]
[EventDate "2020.06.21"]

1. d4 Nf6 2. c4 g6 3. Nc3 Bg7 4. e4 d6 5. h3 O-O 6. Bg5 c5 7. d5 e6 8. Bd3 h6 9.
Bh4 Re8 10. Nge2 exd5 11. exd5 Nbd7 12. f4 a6 13. O-O Qb6 14. Qc2 Nf8 15. b3 Bd7
16. Rae1 Qa5 17. a4 Rab8 18. f5 g5 19. Bg3 Qc7 20. Bh2 Re7 21. Ng3 Rbe8 22. Nge4
Nxe4 23. Nxe4 Be5 24. Bxe5 Rxe5 25. Nf6+ Kg7 26. Nxe8+ Rxe8 27. Rxe8 Bxe8 28.
f6+ Kg8 29. Re1 Qd8 30. Re7 Nd7 31. Qf2 Kf8 32. Qf5 b6 33. Kh2 a5 34. h4 gxh4
35. Qf4 h5 36. Qh6+ Kg8 37. Bh7+ Kh8 38. Qg7# 1-0

[Event "Women's Speed Chess Q4"]
[Site "chess.com INT"]
[Date "2020.06.21"]
[Round "1"]
[White "Voit, Daria"]
[Black "Doluhanova, Evgeniya"]
[Result "0-1"]
[WhiteTitle "WGM"]
[BlackTitle "WGM"]
[WhiteElo "2343"]
[BlackElo "2229"]
[WhiteFideId "4182146"]
[BlackFideId "14112035"]
[EventDate "2020.06.21"]

1. d4 Nf6 2. Nf3 b6 3. g3 Bb7 4. Bg2 g6 5. O-O Bg7 6. c4 O-O 7. Nc3 d5 8. Ne5 c6
9. e4 dxe4 10. Nxe4 Nxe4 11. Bxe4 Qc8 12. Be3 Nd7 13. Nxd7 Qxd7 14. c5 Rad8 15.
cxb6 axb6 16. Qb3 Bxd4 17. Rfd1 c5 18. Bxd4 cxd4 19. Bxb7 Qxb7 20. f4 Rfe8 21.
Rd3 e5 22. fxe5 Rxe5 23. Rd2 Rde8 24. Qd1 Qd5 25. a4 d3 26. Qf1 Re2 27. Rad1
Qd4+ 28. Kh1 Qe4+ 29. Kg1 Qe3+ 30. Kh1 Rxd2 0-1

[Event "Women's Speed Chess Q4"]
[Site "chess.com INT"]
[Date "2020.06.21"]
[Round "1"]
[White "Vantika, Agrawal"]
[Black "Kazarian, Anna-Maja"]
[Result "1-0"]
[WhiteTitle "WIM"]
[BlackTitle "FM"]
[WhiteElo "2286"]
[BlackElo "2096"]
[WhiteFideId "25050389"]
[BlackFideId "1033689"]
[EventDate "2020.06.21"]

1. d4 d5 2. c4 c6 3. Nf3 Nf6 4. e3 e6 5. b3 Bd6 6. Bd3 O-O 7. Bb2 Nbd7 8. O-O
Re8 9. Ne5 Bxe5 10. dxe5 Ne4 11. Bxe4 dxe4 12. Qd4 f5 13. exf6 Nxf6 14. Qe5 Qd3
15. Nc3 a5 16. Rad1 Qc2 17. Na4 b5 18. Nb6 Ra7 19. Nxc8 Ng4 20. Qd4 Rxc8 21.
Qxa7 Qxb2 22. Qd7 Rf8 23. Qxe6+ Kh8 24. Qxg4 Qxa2 25. cxb5 cxb5 26. Rd7 Qb2 27.
Qxe4 Qxb3 28. Qe7 Rg8 29. Rd8 h6 30. Rxg8+ Kxg8 31. h4 a4 32. Rc1 Qd5 33. Rc7
Qd1+ 34. Kh2 Qg4 35. f3 Qg6 36. Rc8+ Kh7 37. Qf8 Qe6 38. Re8 Qd7 39. Qg8+ Kg6
40. Re6+ Kh5 41. Kh3 1-0

[Event "Women's Speed Chess Q4"]
[Site "chess.com INT"]
[Date "2020.06.21"]
[Round "1"]
[White "Linares Napoles, Oleiny"]
[Black "Kanyamarala, Trisha"]
[Result "1-0"]
[WhiteTitle "WGM"]
[BlackTitle "WIM"]
[WhiteElo "2215"]
[BlackElo "2193"]
[WhiteFideId "3504794"]
[BlackFideId "45004722"]
[EventDate "2020.06.21"]

1. c4 e5 2. Nc3 Bb4 3. Nd5 a5 4. e3 Nf6 5. Nxb4 axb4 6. d3 d5 7. cxd5 Nxd5 8.
Nf3 Nc6 9. Be2 O-O 10. O-O Be6 11. Bd2 h6 12. a3 bxa3 13. Rxa3 Rxa3 14. bxa3 Qd6
15. Qb1 Nb6 16. Bb4 Nxb4 17. axb4 Ra8 18. Rc1 c6 19. d4 exd4 20. Nxd4 Bd5 21.
Bf1 Nd7 22. h3 Ra4 23. b5 c5 24. Nf5 Qf6 25. Ng3 Ra2 26. Qf5 Qxf5 27. Nxf5 Be6
28. Nd6 b6 29. Rd1 Ne5 30. Nc8 Nd7 31. f3 c4 32. Bxc4 Bxc4 33. Rxd7 Bxb5 34.
Rd8+ Kh7 35. Nxb6 Re2 36. e4 Re1+ 37. Kf2 Re2+ 38. Kg1 Re1+ 39. Kh2 Bf1 40. Rd2
Kg6 41. Nd5 Rb1 42. Kg3 Bc4 43. h4 Rb3 44. Nf4+ Kf6 45. Rd6+ Ke5 46. Rc6 Bf1 47.
h5 Rb2 48. Rc5+ Kd4 49. Rf5 f6 50. Rd5+ Ke3 51. Rd7 1-0

[Event "Women's Speed Chess Q4"]
[Site "chess.com INT"]
[Date "2020.06.21"]
[Round "1"]
[White "Xu, Yuanyuan"]
[Black "Javakhishvili, Lela"]
[Result "1-0"]
[WhiteTitle "WGM"]
[BlackTitle "IM"]
[WhiteElo "2317"]
[BlackElo "2475"]
[WhiteFideId "8601089"]
[BlackFideId "13601458"]
[EventDate "2020.06.21"]

1. d4 Nf6 2. c4 c5 3. d5 b5 4. cxb5 a6 5. bxa6 g6 6. Nc3 Bg7 7. e4 O-O 8. Nf3
Qa5 9. Bd2 Bxa6 10. Bxa6 Qxa6 11. Qe2 e6 12. Qxa6 Nxa6 13. O-O exd5 14. exd5 Nb4
15. Be3 d6 16. Rfd1 Rfb8 17. Bf4 Ne8 18. a3 Nc2 19. Rab1 Nxa3 20. bxa3 Bxc3 21.
Rxb8 Rxb8 22. Rc1 Bb2 23. Rb1 c4 24. Bd2 Rb3 25. Bb4 Nc7 26. Nd2 Rxb4 27. axb4
c3 28. Nb3 Nxd5 29. b5 Nb6 30. Kf1 Kf8 31. Ke2 Ke7 32. Kd3 d5 33. Nc5 Kd6 34.
Na6 Nc4 35. Re1 Na3 36. b6 Kc6 37. Nb4+ Kb7 38. Re7+ Kxb6 39. Nxd5+ Kc6 40. Nxc3
h5 41. Rxf7 Kd6 42. Rf6+ Ke5 43. Rxg6 Bxc3 44. Kxc3 Nb5+ 45. Kd3 Nd4 46. Rg5+
Nf5 47. Rxh5 Kf6 48. Rxf5+ Kxf5 49. Ke3 Kg5 50. f4+ 1-0

[Event "Women's Speed Chess Q4"]
[Site "chess.com INT"]
[Date "2020.06.21"]
[Round "1"]
[White "Maltsevskaya, Aleksandra"]
[Black "Hng, Mei-En Emmanuelle"]
[Result "1-0"]
[WhiteTitle "WGM"]
[BlackTitle "WFM"]
[WhiteElo "2272"]
[BlackElo "2029"]
[WhiteFideId "24174041"]
[BlackFideId "5804566"]
[EventDate "2020.06.21"]

1. e4 c5 2. Nf3 e6 3. d4 cxd4 4. Nxd4 a6 5. Nc3 Qc7 6. f4 Nc6 7. Nxc6 bxc6 8.
Bd3 d5 9. O-O Bc5+ 10. Kh1 Nf6 11. e5 Nd7 12. Qg4 g6 13. Bd2 O-O 14. Rf3 f5 15.
exf6 Nxf6 16. Qg5 Qg7 17. Re1 Ra7 18. Na4 Be7 19. Qe5 c5 20. c4 Ng4 21. Qe2 d4
22. Nb6 Bb7 23. Qxe6+ Kh8 24. Qxg4 Bxf3 25. Qxf3 Bd6 26. Nd5 Raf7 27. Re6 Bb8
28. f5 Rb7 29. f6 Qg8 30. Re1 Rxb2 31. Bh6 Qf7 32. Bg7+ Kg8 33. Ne7+ 1-0